| 000 | 00920nam a2200229Ia 4500 | ||
|---|---|---|---|
| 999 |
_c34920 _d34920 |
||
| 001 | 747 | ||
| 003 | GE_BSU | ||
| 005 | 20210225152854.0 | ||
| 008 | 181216s1984||||ge |||||||||||||| ||geo|| | ||
| 040 | _cGE_BSU | ||
| 041 | _ageo | ||
| 080 | _a551.58(075.8) ჯ–14 | ||
| 100 |
_aჯავახიშვილი, შ.ი. _910245 |
||
| 245 |
_aლექციების მოკლე კურსი : _bმეტეოროლოგიასა და კლიმატოლოგიაში / _cშ.ი. ჯავახიშვილი. |
||
| 264 |
_aთბ. : _bტბილისის უნ–ტის გამ-ბა, _c1984 |
||
| 300 |
_a343 გვ.: _bილ. ; _c20სმ. |
||
| 504 | _aბიბლიოგრ.: გვ. 337-338 | ||
| 653 | _aკლიმატოლოგია | ||
| 653 | _aმეტეოროლოგია | ||
| 653 | _aგეოგრაფია | ||
| 942 |
_cBK _2udc |
||